| Tag |
First Indicator |
Second Indicator |
Subfields |
| LEADER |
00000cam a2200000 i 4500 |
| 001 |
in00003988872 |
| 005 |
20190722151531.0 |
| 008 |
180321s2018 miu b 000 0 eng |
| 010 |
|
|
|a 2018008438
|
| 035 |
|
|
|a (OCoLC)on1024128831
|
| 040 |
|
|
|a DLC
|b eng
|e rda
|c DLC
|d OCLCF
|d IGR
|d UPM
|d TXFMR
|d DLC
|d KSU
|d IGA
|d PFLCL
|d OCLCQ
|d LIBLM
|
| 019 |
|
|
|a 1066141971
|
| 020 |
|
|
|a 9780801078101
|q (pbk. ;
|q alk. paper)
|
| 020 |
|
|
|a 0801078105
|
| 035 |
|
|
|a (OCoLC)1024128831
|z (OCoLC)1066141971
|
| 042 |
|
|
|a pcc
|
| 050 |
0 |
0 |
|a BV4529.2
|b .P65 2018
|
| 082 |
0 |
0 |
|a 248.8/4
|2 23
|
| 049 |
|
|
|a TXAM
|
| 100 |
1 |
|
|a Pokluda, Jonathan,
|d 1980-
|e author.
|
| 245 |
1 |
0 |
|a Welcome to adulting :
|b navigating faith, friendship, finances, and the future /
|c Jonathan "JP" Pokluda with Kevin McConaghy.
|
| 264 |
|
1 |
|a Grand Rapids, Michigan :
|b Baker Books, a division of Baker Publishing Group,
|c [2018]
|
| 300 |
|
|
|a 221 pages ;
|c 22 cm
|
| 336 |
|
|
|a text
|b txt
|2 rdacontent
|
| 337 |
|
|
|a unmediated
|b n
|2 rdamedia
|
| 338 |
|
|
|a volume
|b nc
|2 rdacarrier
|
| 504 |
|
|
|a Includes bibliographical references (pages 215-220).
|
| 505 |
0 |
|
|a Adulting with purpose -- Life: don't miss it -- Purpose: the reason you're here -- Adulting for money -- Authority: who's in charge here? -- Work: career counseling -- Money: it's not all about the Benjamins -- Adulting with friends -- Community: your playmates and playgrounds -- Conflict: the right way to be wrong (and vice-versa) -- Dating: happily ever after? -- Adulting fearlessly -- Worry: the only thing we have to fear -- Recovery: leaving the past behind -- Adulting forever -- Eternity: life in perspective.
|
| 520 |
|
|
|a Every day, another Millennial becomes an adult. For many young people, the transition is a bumpy one, fraught with opportunities to make mistakes and bad choices. The clear expectations they had at home or in school are gone, and they may feel unprepared to face what comes next. But sometimes we make it harder than it has to be. Combining entertaining stories from his own experience, insights from the Bible, and compelling evidence from research, "JP" Pokluda lays out a roadmap for how to navigate life as an adult, addressing topics like - friendships and dating - career and money management - interpersonal conflict - controlling anxiety - recovering from addiction - and discovering your purpose on this earth Anyone struggling to find a footing in the world of adult life will welcome this witty, non-patronizing guide.
|
| 650 |
|
0 |
|a Young adults
|x Religious life.
|
| 650 |
|
0 |
|a Christian life.
|
| 650 |
|
7 |
|a RELIGION
|x Christian Life
|x Personal Growth.
|2 bisacsh
|
| 650 |
|
7 |
|a RELIGION
|x Christian Life
|x Spiritual Growth.
|2 bisacsh
|
| 650 |
|
7 |
|a YOUNG ADULT NONFICTION
|x Religion
|x Christian
|x Inspirational.
|2 bisacsh
|
| 650 |
|
7 |
|a Christian life.
|2 fast
|0 (OCoLC)fst00859185
|
| 650 |
|
7 |
|a Young adults
|x Religious life.
|2 fast
|0 (OCoLC)fst01183226
|
| 650 |
|
4 |
|a Career/Job.
|
| 650 |
|
4 |
|a Young adults
|x Religious life.
|
| 650 |
|
4 |
|a Christian life.
|
| 650 |
|
4 |
|a Friendship.
|
| 650 |
|
4 |
|a Anxiety.
|
| 650 |
|
4 |
|a Dating (Social customs.)
|
| 948 |
|
|
|a cataloged
|b h
|c 2019/7/22
|d c
|e ceaton
|f 3:14:59 pm
|
| 994 |
|
|
|a C0
|b TXA
|
| 999 |
f |
f |
|s a3622a60-04ab-30bd-80e3-25013c7c41e8
|i 3fca4f5b-8fc3-341f-ac98-b7c14275b4f8
|t 0
|
| 952 |
f |
f |
|p normal
|a Texas A&M University
|b College Station
|c Sterling C. Evans Library
|d Evans: Library Stacks
|t 0
|e BV4529.2 .P65 2018
|h Library of Congress classification
|i unmediated -- volume
|m A14850956146
|
| 998 |
f |
f |
|a BV4529.2 .P65 2018
|t 0
|l Evans: Library Stacks
|